01319 2200289 4500001002100000005001500021035002000036090001200056020002200068100002700090650002000117245008100137264003300218008004100251082001400292084002300306250004300329300002500372700003400397700003200431520046100463336002100924337003000945338002300975990001600998990001501014INLIS00000000004386720211223112114 a0010-1221000087 99.221 3 a978-602-291-805-90 aSujiwo Tejoepengarang 4aFiksi Indonesia1 aLupa Endonesa /cSujiwo Tejo; penyunting, Endah Suci Astuti, Nurjannah Intan aYogyakarta :bBentang,c2021211223 g 1 ind  a899.221 3 aSR 899.221 3 SUJ l aEdisi kedua, Cetakan Pertama, Mei 2021 a218 halaman ;c21 cm0 aEndah Suci Astutiepenyunting0 aNurjannah Intanepenyunting aDi buku ini, Sujiwo menulis hal-hal yang malu-malu, memalukan, atau tak memalukan tentang persoalan negeri ini. Juga cerita tentang orang-orang yang lupa akan bangsanya, Indonesia. Dengan bahasa terselubung dan melibatkan ponokawan, Jiwo menyentil banyak pihak dengan cerdas. Menohok, nyeleneh, tapi banyak benarnya. Pemikiran-pemikirannya akan membuat malu banyak pihak, terutama yang lupa bahwa dirinya adalah bangsa Indonesia yang berbudi pekerti luhur. 2rdacontentateks 2rdamediaatanpa perantara 2rdacarrieravolume a48863.61683 aprita00197